Základ úspechu: Otvorenosť svetu

Chudobnejšie krajiny združenia ASEAN využívajú šancu na prekonanie zaostalosti s možnosťou rýchlej modernizácie. Prehľad priamych zahraničných investícií do priestoru ASEAN. Bohatá tradícia v obchodovaní krajín združenia ASEAN. Zahraničnoobchodné vzťahy SR s krajinami združenia ASEAN. Miera otvor...

Ausführliche Beschreibung

Gespeichert in:
Bibliographische Detailangaben
1. Verfasser: Obadi, Saleh Mothana
Format: Buchkapitel
Sprache:Slowakisch
Schlagworte:
Tags: Tag hinzufügen
Keine Tags, Fügen Sie das erste Tag hinzu!

MARC

LEADER 00000naa$a2200000$$$4500
001 0003210
005 20230920090919.9
041 0 |a slo 
044 |a SK 
245 1 0 |a Základ úspechu: Otvorenosť svetu  |c aut. Obadi Saleh Mothana 
520 |a Chudobnejšie krajiny združenia ASEAN využívajú šancu na prekonanie zaostalosti s možnosťou rýchlej modernizácie. Prehľad priamych zahraničných investícií do priestoru ASEAN. Bohatá tradícia v obchodovaní krajín združenia ASEAN. Zahraničnoobchodné vzťahy SR s krajinami združenia ASEAN. Miera otvorenosti a miera dovozu krajín ASEAN. Zahraničný obchod SR s krajinami ASEAN. 
610 2 0 |a spolupráca hospodárska medzinárodná 
610 2 0 |a organizácie medzinárodné 
610 2 0 |a Ázia 
610 2 0 |a Slovensko 
610 2 0 |a vzťahy hospodárske medzinárodné 
610 2 0 |a vzťahy obchodné 
610 2 0 |a investície priame zahraničné 
610 2 0 |a ASEAN 
100 1 |a Obadi, Saleh Mothana